| 000 | 01401cam a2200193 4500 | ||
|---|---|---|---|
| 001 | L130885 | ||
| 008 | 050912n2005 000 0 eng u | ||
| 035 | _a(Sirsi) u130885 | ||
| 041 | 0 | _aeng | |
| 110 |
_aOffice of Fair Trading _91355 |
||
| 245 |
_aGuidance on unfair terms in holiday caravan agreements _h[electronic resource] |
||
| 260 |
_aLondon _bOFT _c2005 |
||
| 520 | _aOFT guidance sets out to help make caravan contract terms clearer and fairer. It explains why the OFT considers some standard contract terms used in holiday caravan agreements to be potentially unfair under the Unfair Terms in Consumer Contracts Regulations 1999. The guidance deals only with the potential unfairness of terms used in agreements for holiday caravans also known as caravan holiday homes or lodges. These are static caravans that are stationed on a plot on a caravan site licensed for this purpose. OFT has also published a consumer leaflet "A fair pitch for your holiday caravan - a guide to agreements for static holiday caravans". | ||
| 590 | _aIKA130905 | ||
| 650 | _aUNFAIR TERMS IN CONSUMER CONTRACTS REGULATIONS 1999 | ||
| 690 | _aPROPERTY-RESIDENTIAL PROPERTY-TEMPORARY AND MOBILE RESIDENTIAL PROPERTY | ||
| 856 |
_uhttps://assets.publishing.service.gov.uk/government/uploads/system/uploads/attachment_data/file/616961/oft734.pdf _zView the guidance and the leaflet on .gov.uk |
||
| 942 |
_n0 _2ddc |
||
| 999 |
_c104593 _d104593 |
||